000 01046nam a2200241 i 4500
001 107607
003 ES-MaACL
005 20250824230912.0
007 t|
008 061121s1946 sp r ||||1| spa d
100 1 _aMurua, Martín de.
_9216039
245 1 4 _aLos orígenes de los incas
_b: crónica sobre el antiguo Perú escrita en el año de 1590 por el padre mercedario fray Martín de Morúa; estudio bio-bibilográfico sobre el autor por Raúl Porras Barrenechea.
260 _aLima :
_b[s.n],
_c1946 (
_fImp. Domingo Miranda)
300 _aXVII, 228 p. ;
_c18 cm.
490 1 _aLos pequeños grandes libros de historia americana: serie I ;
_vT. XI
650 0 4 _aIncas.
_913645
651 4 _aPerú-
_xHistoria-
_yEpoca prehispánica, hasta 1522.
_99228
651 4 _aPerú-
_xHistoria-
_yDescubrimiento y conquista, 1522-1548.
_99226
700 1 _aPorras Barrenechea, Raúl.
_993148
830 0 4 _aLos pequeños grandes libros de historia americana
_vT. XI
_9220909
852 _aES-MaACL
_jE-1137
_bR.27281
999 _c107607
_d107607